| 000 | 00322nam a2200121Ia 4500 | ||
|---|---|---|---|
| 008 | 210430s9999 xx 000 0 und d | ||
| 082 | _a547 R 1471 O | ||
| 100 |
_aDr.Abdur Rahman _915177 |
||
| 245 |
_aOrganic Chemistry _cDr.Abdur Rahman |
||
| 260 |
_aLAHORE _bAravan Book House _c2007 |
||
| 300 | _a520p | ||
| 942 |
_cBK _2ddc |
||
| 999 |
_c563258 _d563258 |
||